00362 2200145 4500245005600000020001800056250001000074700002600084005001900110260002900129041001400158084000900172300002600181336000900207 aPerpustakaan MisteriuscYusla Yoovita NurhyathText a978-602-420-9 aCet.1 aYusla Yoovita Nurhyat a20240925143514 aJakartabDar Mizanc2018 aIndonesia aNONE a92 hlm :cilust 21 cm atext